LEADER 01378nam a2200301 a 4500 001 000000136522 003 CaOOAMICUS 005 20131129114054.0 008 131129s1997 it a u000 u ita r 020 $a88-8125-117-5 040 $aPUL$bita 082 04$a701 245 03$aLa vita irrimediabile :$bun itinerario tra esteticità, vita e arte /$ca cura di Gabriele Scaramuzza. 260 $aFirenze :$bAlinea editrice,$c1997. 300 $a296 p. :$bill. ;$c22 cm 490 1 $aSaggi e documenti. Sezione materiali per la storia dell'estetica ;$v156 504 $aBibliografia in nota. 650 4$aEstetica$xSaggi.$0(OLS)http://pul/subject/39924 700 1 $aScaramuzza, Gabriele.$0(OLS)http://pul/name/67601 830 0$aSaggi e documenti (Alinea editrice).$pSezione materiali per la storia dell'estetica ;$v156.$0(OLS)http://pul/title/106943 850 $aPUL 852 $aPUL$W1$xDP2 Cons. Gen., Altre Classi 3$y97$m701 SCAGA 1$j157261$qDDC 21$B156717$CPULBib$Z2$F156717 $H123234 $81 941 1 $a9 996 $6020$a88-8125-117-5$9(OLS)http://pul/number/154050 996 $6082$a701$9(OLS)http://pul/classification/2541 996 $6245$aLa vita irrimediabile :$bun itinerario tra esteticità, vita e arte$9(OLS)http://pul/title/172771 996 $6260$aFirenze :$bAlinea editrice$9(OLS)http://pul/publisher/76109 LEADER 02459nam a2200493 a 4500 001 000000141813 003 CaOOAMICUS 005 20160219092010.0 008 150217m20149999it b u000 u ita r 020 $a978-88-581-1406-3 020 $a978-88-581-1742-2 (v. 2) 020 $a978-88-581-1741-5 (v. 3)* 032 $aLibriCat 040 $aPUL$bita 082 04$a109 245 03$aLa filosofia e le sue storie /$ca cura di Umberto Eco & Riccardo Fedriga. 260 $aBari ; Roma :$bGius. Laterza & figli,$c©2014-$aMilano :$bEM Publishers,$c©2014- 300 $av. :$bc. geogr. ;$c25 cm. 490 1 $aRobinson. Letture 504 $aBibliografia nelle note. 505 1 $aV. 1. L'antichità e il Medioevo. -- v. 2. L'età moderna. -- v. 3. L'età contemporanea. 650 4$aFilosofia occidentale$xStoria.$0(OLS)http://pul/subject/39421 700 1 $aEco, Umberto,$d1932-2016.$0(OLS)http://pul/name/11020 700 1 $aFedriga, Riccardo.$0(OLS)http://pul/name/91312 740 22$aL'età moderna. 740 22$aL'antichità e il Medioevo. 740 22$aL'età contemporanea. 830 2$aI Robinson.$pLetture.$0(OLS)http://pul/title/65836 850 $aPUL 852 $aPUL$W1$xSL Cons. Gen., Altre Classi 1$y1$m1391 A 13.1$j163672$bv. 1$qStampati$B163681$CPULBib$Z2$F163681 $H125381 $82 852 $aPUL$W1$xSL Cons. Gen., Altre Classi 1$y1$m1391 A 13.3$j172173$bv. 3$qStampati$B173797$CPULBib$Z2$F173797 $H127225 $82 852 $aPUL$W1$xSL Cons. Gen., Altre Classi 1$y1$m1391 A 13.2$j170544$bv. 2$qStampati$B171365$CPULBib$Z2$F171365 $H126533 $82 941 1 $a8 996 $6020$a978-88-581-1406-3$9(OLS)http://pul/number/156982 996 $6020$a978-88-581-1742-2 (v. 2)$9(OLS)http://pul/number/159004 996 $6020$a978-88-581-1741-5 (v. 3)*$9(OLS)http://pul/number/159763 996 $6082$a109$9(OLS)http://pul/classification/436 996 $6245$aLa filosofia e le sue storie$9(OLS)http://pul/title/179481 996 $6740$aL'età moderna$9(OLS)http://pul/title/76775 996 $6740$aL'antichità e il Medioevo$9(OLS)http://pul/title/186253 996 $6740$aL'età contemporanea$9(OLS)http://pul/title/66172 996 $6260$aBari ; Roma :$bGius. Laterza & figli$9(OLS)http://pul/publisher/81307 996 $6260$aMilano :$bEM Publishers$9(OLS)http://pul/publisher/83156